000 00369pam a2200157a 44500
008 230515b1994 xxu||||| |||| 00| 0 eng d
020 _aNULL
041 _aENGLISH
082 _a610.73
100 _aMARY B MCFARLAND
245 _aNURSING IMPLICATIONS OF LABORATORY
250 _a0
260 _a
_bDELMAR THOMSON LEARNING
_c1994
300 _a451
650 _aNULL
999 _c525874
_d525874